| 000 | 00539nmm a22001817a 4500 | ||
|---|---|---|---|
| 005 | 20160525175331.0 | ||
| 008 | 150703b xxu||||| |||| 00| 0 spa d | ||
| 041 | _aspa | ||
| 082 | _aSE 122 | ||
| 100 |
_aBaltodano González, Cintya _910235 |
||
| 245 | _aInforme de práctica supervisada realizado en el Colegio Universitario de Cartago | ||
| 260 | _c2015 | ||
| 650 |
_aSECRETARIADO EJECUTIVO _910400 |
||
| 650 |
_aARCHIVO DE DOCUMENTOS _910237 |
||
| 650 |
_aATENCIÓN AL CLIENTE _92068 |
||
| 650 |
_aCERTIFICACIONES _94125 |
||
| 942 | _cIP | ||
| 999 |
_c8197 _d8197 |
||